Charles S. Peirce, phenomenologue et semioticien
Αποθηκεύτηκε σε:
| Κύριος συγγραφέας: | |
|---|---|
| Μορφή: | Βιβλίο |
| Γλώσσα: | French |
| Δημοσίευση: |
Amsterdam :
John Benjamins,
1987
|
| Σειρά: | Foundations of semiotics ;
; 14 |
| Θέματα: | |
| Ετικέτες: |
Προσθήκη ετικέτας
Δεν υπάρχουν, Καταχωρήστε ετικέτα πρώτοι!
|
MARC
| LEADER | 00000nam a2200000 i 4500 | ||
|---|---|---|---|
| 001 | 1/23733 | ||
| 008 | 981126s1987 fre d | ||
| 020 | |a 90-272-3285-7 (Hardback) | ||
| 035 | |l 10036927 | ||
| 040 | |a GR-MY-UA |b gre |e aacr | ||
| 041 | 0 | |a fre | |
| 082 | 0 | |a 191 | |
| 100 | 1 | |a Deledalle, Gerard. | |
| 245 | 1 | 0 | |a Charles S. Peirce, phenomenologue et semioticien / |c Gerard Deledalle |
| 260 | |a Amsterdam : |b John Benjamins, |c 1987 | ||
| 300 | |a 114 p. | ||
| 490 | 1 | |a Foundations of semiotics |v ; 14 | |
| 504 | |a Includes bibliographical references and index | ||
| 600 | 1 | 0 | |a Peirce Charles S. |q (Charles Sanders) |d 1839-1914. |
| 830 | 0 | |a Foundations of semiotics ; |v ; 14 | |
| 852 | |a INST |b LESVOS |e 19981126 |h 191 DEL |p 005100018228 |q 005100018228 |t BK |y 0 | ||
| 901 | |a BIBL-1999-1 | ||
| 909 | |a Λ |b 059853 | ||
| 922 | |a 1ΕΛΗ |b 199810 |c ΚΠΣ/ΤΚΑ |d ΠΑΠΑΣΩΤΗΡΙΟΥ | ||
| 950 | |a 117-1998-07-08 | ||